| Tag |
First Indicator |
Second Indicator |
Subfields |
| LEADER |
00000cam a22000007 4500 |
| 001 |
in00000031099 |
| 005 |
20151007054949.0 |
| 008 |
830215s1906 enkbf b 00110 eng d |
| 035 |
|
|
|a (OCoLC)09227050
|
| 035 |
|
|
|9 AAB6775AM
|
| 040 |
|
|
|a PLF
|c PLF
|d TXA
|d UtOrBLW
|
| 049 |
|
|
|a TXAM
|c [A11113457]
|
| 050 |
|
4 |
|a DS107
|b .S6 1906
|
| 100 |
1 |
|
|a Smith, George Adam,
|d 1856-1942.
|
| 245 |
1 |
4 |
|a The historical geography of the Holy Land, especially in relation to the history of Israel and of the early church /
|c by George Adam Smith.
|
| 250 |
|
|
|a 12th ed.
|
| 264 |
|
1 |
|a London :
|b Hodder,
|c 1906.
|
| 300 |
|
|
|a xxvii, 713 pages, 6 leaves of plates (some folded) :
|b maps (some color)
|
| 336 |
|
|
|a text
|b txt
|2 rdacontent
|
| 337 |
|
|
|a unmediated
|b n
|2 rdamedia
|
| 338 |
|
|
|a volume
|b nc
|2 rdacarrier
|
| 504 |
|
|
|a Includes bibliographies and indexes.
|
| 651 |
|
0 |
|a Palestine
|x Historical geography.
|
| 630 |
0 |
0 |
|a Bible
|x Geography.
|
| 650 |
|
0 |
|a Jews
|x History.
|
| 999 |
|
|
|a MARS
|
| 999 |
f |
f |
|s 6e7a92d2-180e-3fc5-9130-9b5c1e334056
|i 7710ace2-5ae6-3f14-a5ea-f3ba23edb12d
|t 0
|
| 952 |
f |
f |
|p ric
|a Texas A&M University
|b Rellis Campus
|c Joint Library Facility
|d Remote Storage
|t 0
|e DS107 .S6 1906
|h Library of Congress classification
|i unmediated -- volume
|m A14811113457
|
| 998 |
f |
f |
|a DS107 .S6 1906
|t 0
|l Remote Storage
|